00343nam a2200121Ia 4500008004100000020001500041082001600056100001600072245001800088260007500106300002700181490001300208250529s9999 xx 000 0 und d a9991571809 a891.4891SAL aAdam Saleem 0aGulisthaanu 1 aMale'bDhivehibahaai Thaareekhah Khidhumaiykuraa Qaumee Marukazuc1997 a260 p. : ill. ; 21 cm. vMalas 95